000
00318nam a2200145Ia 4500
008
240112s2018 xx 000 0 und d
022
_a
195863
041
_a
eng
082
_a
612
100
_a
MEHTA A.K.
245
_a
INDIAN MEDICAL GAZETTE
260
_b
PANDY
_c
2018
300
_a
202
_c
1-12
440
_v
CLII
999
_c
1145567
_d
1145567